• 首页
  • 本馆介绍
  • 公告通知
  • 最新文献
  • 馆藏检索
  • 电子资源
  • 读者导购
  • 参考咨询
  • 我的图书馆
  • 登录
  • 详细信息显示
  • 放入我的书架
  • 预约/预借图书
  • 作者相关作品
  • 分类相关作品
  • 丛书相关作品
  • 出版社相关作品

书目信息

  • 表格格式
  • 工作单格式
  • 卡片格式
题名:
科学社会主义理论与实践问题争鸣
    
 
作者:
分册: 下册  
出版信息:    
页数: 308
开本: 20cm
丛书名:
单 册:
中图分类: C1
科图分类:
主题词: 社会科学--现状 , 社会科学--概况
电子资源:
ISBN: 7-306-01971-6
000 00475nam0 2200169 450
001 0735257515
005 20070904094737.51
010    @a7-306-01971-6
100    @a20070904d km y0chiy0120 ea
101 0  @achi
200 1  @a科学社会主义理论与实践问题争鸣@Ake xue she hui zhu yi li lun yu shi jian wen ti zheng ming@h下册
215    @a308@d20cm
606 0  @a社会科学@x现状
606 0  @a社会科学@x概况
690    @aC1@v3
801  0 @aCN@bPFT@c20070904
905    @a213230@dC1@ea2:2@f1
    
    科学社会主义理论与实践问题争鸣.下册
    308;20cm
    
    
    ISBN 7-306-01971-6:
    
●
相关链接 在E读中查询图书 在五车中查询图书 在当当中查询图书 在豆瓣中查询图书


正题名:科学社会主义理论与实践问题争鸣     索取号:C1/a2:2         预约/预借

序号 登录号 条形码 馆藏地/架位号 状态 备注
1 7500890   275008901   史法系资料室/ [索取号:C1/a2:2] 在馆    
唐山师范学院图书馆 欢迎您!
大连网信软件有限公司© 版权所有